<?xml version="1.0" encoding="UTF-8"?>
<record
    xmlns:xsi="http://www.w3.org/2001/XMLSchema-instance"
    xsi:schemaLocation="http://www.loc.gov/MARC21/slim http://www.loc.gov/standards/marcxml/schema/MARC21slim.xsd"
    xmlns="http://www.loc.gov/MARC21/slim">

  <leader>01148    a2200241   4500</leader>
  <controlfield tag="005">20080910125630.0</controlfield>
  <controlfield tag="008">080910t        xxu||||| |||| 00| 0 hin d</controlfield>
  <datafield tag="010" ind1=" " ind2=" ">
    <subfield code="a">HIN-79460</subfield>
  </datafield>
  <datafield tag="020" ind1=" " ind2=" ">
    <subfield code="c">200.00</subfield>
    <subfield code="a">8170563615</subfield>
  </datafield>
  <datafield tag="035" ind1=" " ind2=" ">
    <subfield code="a">HN-51806</subfield>
  </datafield>
  <datafield tag="037" ind1=" " ind2=" ">
    <subfield code="b">D.B.Act / pub</subfield>
  </datafield>
  <datafield tag="082" ind1=" " ind2=" ">
    <subfield code="a">425</subfield>
  </datafield>
  <datafield tag="100" ind1=" " ind2=" ">
    <subfield code="a">&#x91A;&#x94C;&#x927;&#x930;&#x940;, &#x924;&#x947;&#x91C;&#x92A;&#x93E;&#x932;</subfield>
  </datafield>
  <datafield tag="245" ind1=" " ind2=" ">
    <subfield code="a">&#x905;&#x91A;&#x94D;&#x91B;&#x940; &#x939;&#x93F;&#x928;&#x94D;&#x926;&#x940;&#x903; &#x938;&#x902;&#x92D;&#x93E;&#x937;&#x923; &#x914;&#x930; &#x932;&#x947;&#x916;&#x928;</subfield>
    <subfield code="c">&#x924;&#x947;&#x91C;&#x92A;&#x93E;&#x932; &#x91A;&#x94C;&#x927;&#x930;&#x940;</subfield>
  </datafield>
  <datafield tag="246" ind1=" " ind2=" ">
    <subfield code="a">Achchhi Hindi sambhashan aur lekhan</subfield>
    <subfield code="b">by Tejpal Chaudhary</subfield>
  </datafield>
  <datafield tag="260" ind1=" " ind2=" ">
    <subfield code="a">&#x91C;&#x92F;&#x92A;&#x941;&#x930;</subfield>
    <subfield code="b">&#x92A;&#x902;&#x91A;&#x936;&#x940;&#x932; &#x92A;&#x94D;&#x930;&#x915;&#x93E;&#x936;&#x928;</subfield>
    <subfield code="c">2006</subfield>
  </datafield>
  <datafield tag="270" ind1=" " ind2=" ">
    <subfield code="a">&#x92B;&#x93F;&#x932;&#x94D;&#x92E; &#x915;&#x93E;&#x932;&#x94B;&#x928;&#x940;,&#x91A;&#x94C;&#x921;&#x93C;&#x93E; &#x930;&#x93E;&#x938;&#x94D;&#x924;&#x93E;</subfield>
    <subfield code="b">&#x91C;&#x92F;&#x92A;&#x941;&#x930;</subfield>
    <subfield code="e">302003</subfield>
    <subfield code="k">0141-2315072</subfield>
    <subfield code="m">panchsheel_j@sify.com</subfield>
    <subfield code="l">5113854</subfield>
  </datafield>
  <datafield tag="300" ind1=" " ind2=" ">
    <subfield code="a">152&#x92A;&#x943;</subfield>
    <subfield code="c">22&#x938;&#x947;&#x92E;&#x940; (&#x938;&#x91C;&#x93F;&#x932;&#x94D;&#x926;)</subfield>
  </datafield>
  <datafield tag="650" ind1=" " ind2=" ">
    <subfield code="a">&#x939;&#x93F;&#x928;&#x94D;&#x926;&#x940;  &#x92D;&#x93E;&#x937;&#x93E;</subfield>
  </datafield>
  <datafield tag="650" ind1=" " ind2=" ">
    <subfield code="a">Hindi Language</subfield>
  </datafield>
  <datafield tag="942" ind1=" " ind2=" ">
    <subfield code="a">dpl</subfield>
    <subfield code="c">HN</subfield>
    <subfield code="k">425 / &#x91A;&#x94C;&#x927;&#x930;&#x940;</subfield>
    <subfield code="2">ddc</subfield>
    <subfield code="h">425 </subfield>
    <subfield code="m">&#x91A;&#x94C;&#x927;&#x930;&#x940;</subfield>
  </datafield>
  <datafield tag="999" ind1=" " ind2=" ">
    <subfield code="c">2782</subfield>
    <subfield code="d">2782</subfield>
  </datafield>
  <datafield tag="952" ind1=" " ind2=" ">
    <subfield code="0">0</subfield>
    <subfield code="1">0</subfield>
    <subfield code="4">0</subfield>
    <subfield code="7">0</subfield>
    <subfield code="a">DBAD</subfield>
    <subfield code="b">DBAD</subfield>
    <subfield code="d">2008-09-10</subfield>
    <subfield code="g">200.00</subfield>
    <subfield code="l">0</subfield>
    <subfield code="o">425  &#x91A;&#x94C;&#x927;&#x930;&#x940;</subfield>
    <subfield code="p">HN-51806</subfield>
    <subfield code="r">2008-09-15 00:00:00</subfield>
    <subfield code="t">1</subfield>
    <subfield code="u">2972</subfield>
    <subfield code="v">200.00</subfield>
    <subfield code="w">2008-09-15</subfield>
    <subfield code="y">HN</subfield>
  </datafield>
</record>
